| 000 | 00563cam a22001931 4500 | ||
|---|---|---|---|
| 082 |
_a822 _bDAV _cL-29, P-91 |
||
| 100 | 1 |
_aDavid, Agnes, _945958 |
|
| 245 | 1 | 2 | _aA book of plays. |
| 260 |
_aNew York, _bMacmillan _c[c1960] |
||
| 300 |
_a245 p. _c21 cm. _billus |
||
| 490 | 0 | _aThe Pageant of literature | |
| 526 |
_a0 _b0 _c0 _d822_000000000000000_DAV |
||
| 526 |
_a0 _b0 _c0 _d822_000000000000000_DAV |
||
| 650 | 0 |
_aAmerican drama. _945959 |
|
| 650 | 0 |
_aEnglish drama. _945960 |
|
| 650 | 0 |
_aEnglish language _xRhetoric _93245 |
|
| 650 | 0 |
_aMCE _9379 |
|
| 942 |
_2ddc _cBK |
||
| 999 |
_c549344 _d549344 |
||